000 00420nam a2200181Ia 4500
001 23993
005 20260414151014.0
008 260414t2018||||xx |||||||||||||| ||spa||
041 _aESP
082 _a743.4
_bB163
100 _aBoerboom, Peter
_eAUT
245 0 _aDibujar el cuerpo humano
_b
260 _c2018
300 _a190 páginas :
_c21 cm.
650 _aABD
654 _aCAU
942 _cLIB
_dJUS
_fJUS
_2ddc
_n
999 _c23993
_d23993